00932nam a22001817a 4500003000400000082001600004245009500020260003600115300001000151546001200161650016100173650009700334650009500431700002300526942001300549999001900562952016900581OSt a577bGUN/RE aResidue reviews V.17:bresidues of pesticides and other foreign chemicals in food and feed aBerlinbSpringer - verlagc1966 a184p. aEnglish aSpectrophotofluorescent and spectrophotophosphorescent data on insecticidal carbamates and the analysis of five carbamates in milk by spectrophotoflurometry aScreening methods for organochlorine and organophosphates insecticides in food and feeds  a Common market approaches to harmonization of food laws in the field of pesticide residues aGunther, Francis A 2ddccREF c162887d162887 00102ddc40718REFaKAUCLVbKAUCLVcREFd2018-12-10l0o577 GUN/REp906548r2018-12-10 00:00:00w2018-12-10yREFzBook transferred from CoH Library, Acc.No: 12776